书目信息 |
| 题名: |
模拟集成电路的分析与设计
|
|
| 作者: | 格雷 , 格雷 著 ;张晓林 译 | |
| 分册: | ||
| 出版信息: | 北京 高等教育出版社 2005 |
|
| 页数: | 820页 | |
| 开本: | 26cm | |
| 丛书名: | ||
| 单 册: | ||
| 中图分类: | TN431.1 | |
| 科图分类: | ||
| 主题词: | 模拟集成电路--教材 , 模拟集成电路 | |
| 电子资源: | ||
| ISBN: | 7-04-016600-3 | |
| 000 | 01066nam0 2200289 450 | |
| 001 | 139116 | |
| 005 | 20140910122718.93 | |
| 010 | @a7-04-016600-3@dCNY 72.00 | |
| 100 | @a20050416d2005 em y0chiy50 ea | |
| 101 | 1 | @achi@ceng |
| 102 | @aCN@b110000 | |
| 105 | @ay z 000yy | |
| 200 | 1 | @a模拟集成电路的分析与设计@Amo ni ji cheng dian lu de fen xi yu she ji@b专著@e翻译版@f(美)格雷等著@F(mei)ge lei deng zhu@g张晓林等译 |
| 210 | @a北京@c高等教育出版社@d2005 | |
| 215 | @a820页@d26cm | |
| 300 | @a国外优秀信息科学与技术系列教学用书 | |
| 305 | @a据原书第4版译出 | |
| 330 | @a本书主要介绍了集成电路有源器件模型,单晶体管和多晶体管放大器,输出极,集成电路的频率响应,非线性模拟电路,全差分运算放大器等内容。 | |
| 510 | 1 | @aAnalysis and Design of Analog Integrated Circuits@zeng |
| 606 | 0 | @a模拟集成电路@j教材 |
| 606 | 0 | @a模拟集成电路 |
| 690 | @aTN431.1@v4 | |
| 701 | 0 | @c(美)@a格雷@Age lei@c(Gray, Paul R.)@4著 |
| 701 | 0 | @a格雷@Age lei@4著 |
| 702 | 0 | @a张晓林@Azhang xiao lin@c(计算机)@4译 |
| 801 | 0 | @c20140910 |
| 905 | @a241430@dTN431.1@eG277 | |
| 模拟集成电路的分析与设计:翻译版/(美)格雷等著/张晓林等译.-北京:高等教育出版社,2005 |
| 820页;26cm |
| 国外优秀信息科学与技术系列教学用书 |
| ISBN 7-04-016600-3:CNY 72.00 |
| 本书主要介绍了集成电路有源器件模型,单晶体管和多晶体管放大器,输出极,集成电路的频率响应,非线性模拟电路,全差分运算放大器等内容。 |
| ● |
| 相关链接 |
|
|
|
正题名:模拟集成电路的分析与设计
索取号:TN431.1/G277
 
预约/预借
| 序号 | 登录号 | 条形码 | 馆藏地/架位号 | 状态 | 备注 |
| 1 | 0829333 | 208293336 | 自科库301/301自科库 27排4列5层/ [索取号:TN431.1/G277] | 在馆 | |
| 2 | 0829334 | 208293345 | 自科库301/301自科库 27排4列5层/ [索取号:TN431.1/G277] | 在馆 | |
| 3 | 0829335 | 208293354 | 自科库301/404自科库 11排6列6层/ [索取号:TN431.1/G277] | 在馆 |